[Event "14ème Open de Saint-Affrique"]
[Site "Saint-Affrique"]
[Date "????.??.??"]
[Round "7.12"]
[White "Bijaoui, Manuel"]
[Black "Sanchez, Nicolas"]
[Result "1-0"]
[WhiteElo "2363"]
[BlackElo "2188"]
[PlyCount "35"]

1. e4 c5 2. Nf3 d6 3. d4 cxd4 4. Nxd4 Nf6 5. Nc3 a6 6. Bg5 e6 7. f4 Qc7 8. Qf3
b5 9. O-O-O b4 10. Nce2 Nbd7 11. Ng3 Bb7 12. Bd3 g6 13. f5 exf5 14. Qe2 fxe4
15. Nxe4 Be7 16. Nxf6+ Nxf6 17. Nf5 Nd5 18. Bxe7 1-0

[Event "14ème Open de Saint-Affrique"]
[Site "Saint-Affrique"]
[Date "????.??.??"]
[Round "8.4"]
[White "Bricard, Emmanuel"]
[Black "Van Elst, Andreas"]
[Result "1-0"]
[WhiteElo "2469"]
[BlackElo "2258"]
[PlyCount "95"]

1. d4 Nf6 2. c4 g6 3. Nc3 Bg7 4. e4 d6 5. f3 O-O 6. Be3 e5 7. d5 c6 8. Qd2 cxd5
9. cxd5 a6 10. O-O-O Nbd7 11. Kb1 b5 12. Rc1 Nc5 13. Nge2 Bd7 14. b4 Na4 15.
Nxa4 bxa4 16. a3 a5 17. Nc3 axb4 18. axb4 Qb8 19. b5 Rc8 20. Ka2 Be8 21. b6 Nd7
22. Rb1 Nc5 23. Bxc5 Rxc5 24. Rb4 Qb7 25. Bc4 Rb8 26. Rhb1 Qc8 27. Qd3 Bf6 28.
Nd1 Bd8 29. Ne3 Bg5 30. Nc2 Bd2 31. Qxd2 Rxc4 32. Na3 Rc3 33. Qf2 Qa6 34. R1b2
Qd3 35. Nb1 Rc1 36. b7 Rc5 37. Qd2 Qa6 38. Na3 Qa5 39. Qd3 Qc7 40. Qa6 Kf8 41.
Nc4 Ke7 42. Nb6 Bd7 43. Nc8+ Kd8 44. Nxd6 a3 45. Nxf7+ Ke8 46. Qf6 Bh3 47. Nd6+
Kd7 48. Qf7+ 1-0

[Event "14ème Open de Saint-Affrique"]
[Site "Saint-Affrique"]
[Date "????.??.??"]
[Round "8.8"]
[White "Collas, Didier"]
[Black "Guedon, Stephane"]
[Result "1/2-1/2"]
[WhiteElo "2453"]
[BlackElo "2228"]
[PlyCount "40"]

1. e4 e6 2. d4 d5 3. Nc3 Bb4 4. e5 c5 5. Qg4 Ne7 6. dxc5 Bxc3+ 7. bxc3 O-O 8.
Bd3 f5 9. exf6 Rxf6 10. Bg5 Rf7 11. Qg3 Qa5 12. Bxe7 Rxe7 13. Bxh7+ Kxh7 14.
Qh4+ Kg8 15. Qxe7 Qxc3+ 16. Ke2 Bd7 17. Re1 Bb5+ 18. Kd1 Qa1+ 19. Kd2 Qd4+ 20.
Kc1 Qa1+ 1/2-1/2

[Event "14ème Open de Saint-Affrique"]
[Site "Saint-Affrique"]
[Date "????.??.??"]
[Round "8.9"]
[White "Colin, Vincent"]
[Black "Guichard, Pauline"]
[Result "1-0"]
[WhiteElo "2415"]
[BlackElo "2227"]
[PlyCount "75"]

1. c4 e5 2. g3 Nc6 3. Bg2 g6 4. Nc3 Bg7 5. e3 Nge7 6. Nge2 d6 7. d3 O-O 8. O-O
Rb8 9. Rb1 a6 10. b4 b5 11. cxb5 axb5 12. a4 Na7 13. d4 Bg4 14. d5 bxa4 15.
Qxa4 Nac8 16. e4 Nb6 17. Qb3 Qd7 18. Be3 Bh3 19. Bxh3 Qxh3 20. f3 Kh8 21. Nd1
Qh5 22. Rc1 f5 23. Rxc7 fxe4 24. Rxe7 Rxf3 25. Rxf3 Qxf3 26. Nc1 Rf8 27. Nf2
Nxd5 28. Qxd5 Qxe3 29. Rf7 Qxc1+ 30. Kg2 Rxf7 31. Qxf7 Qc8 32. b5 h6 33. b6 Kh7
34. b7 Qd8 35. Nxe4 h5 36. Nf6+ Kh6 37. Ng8+ Kh7 38. Ne7 1-0

[Event "14ème Open de Saint-Affrique"]
[Site "Saint-Affrique"]
[Date "????.??.??"]
[Round "8.10"]
[White "Andonov, Bogomil"]
[Black "Popov, Gueorgui"]
[Result "1-0"]
[WhiteElo "2391"]
[BlackElo "2213"]
[PlyCount "125"]

1. Nf3 Nf6 2. c4 e6 3. d4 b6 4. g3 Ba6 5. b3 Bb4+ 6. Bd2 Be7 7. Nc3 c6 8. e4 d5
9. cxd5 cxd5 10. Bxa6 Nxa6 11. e5 Ne4 12. O-O Nxc3 13. Bxc3 Rc8 14. Qd3 Nb8 15.
b4 a6 16. a4 O-O 17. b5 a5 18. Nd2 Qd7 19. Rfc1 Rc7 20. Rc2 Rfc8 21. Raa2 Bd8
22. Kg2 g6 23. Nf1 Qe7 24. Ne3 Nd7 25. Bd2 Nb8 26. Bc1 Rxc2 27. Rxc2 Rxc2 28.
Qxc2 Qc7 29. Qxc7 Bxc7 30. Ba3 Bd8 31. f4 h5 32. h4 Nd7 33. Kf3 f5 34. exf6
Bxf6 35. Nc2 Kf7 36. Bd6 Bd8 37. Ne1 Nf6 38. Nd3 Nd7 39. Kg2 Kf6 40. Kf3 Kf7
41. Ke3 Kf6 42. Nf2 Kg7 43. Nh3 Kf7 44. Kf3 Kg7 45. Ke3 Kf7 46. Ke2 Kg7 47. Kd3
Kf7 48. Ke3 Kg7 49. f5 exf5 50. Nf4 Kf7 51. Kd3 g5 52. hxg5 Bxg5 53. Nxd5 Ke6
54. Bf4 Bd8 55. Kc4 h4 56. gxh4 Bxh4 57. Bc7 Bg5 58. Nxb6 Nxb6+ 59. Bxb6 Bd2
60. d5+ Kd7 61. Bf2 Ke7 62. Kd3 Bb4 63. Bg3 1-0

[Event "14ème Open de Saint-Affrique"]
[Site "Saint-Affrique"]
[Date "????.??.??"]
[Round "8.5"]
[White "Chomet, Pascal"]
[Black "Kosten, Anthony C"]
[Result "1/2-1/2"]
[WhiteElo "2350"]
[BlackElo "2530"]
[PlyCount "83"]

1. e4 e5 2. Nf3 Nc6 3. Bb5 Nf6 4. Qe2 Bc5 5. c3 O-O 6. O-O d6 7. d3 a6 8. Ba4
Ba7 9. Be3 Ne7 10. Bxa7 Rxa7 11. Nh4 b5 12. Bb3 c5 13. Nd2 Ng6 14. Nxg6 hxg6
15. f4 Nh5 16. f5 Nf4 17. Rxf4 exf4 18. fxg6 c4 19. gxf7+ Rfxf7 20. dxc4 Be6
21. cxb5 Bxb3 22. Nxb3 axb5 23. Qxb5 f3 24. gxf3 Rxf3 25. Nd4 Rf6 26. Rf1 Raf7
27. Rxf6 Qxf6 28. Qe2 Qg5+ 29. Kh1 Rf6 30. Nf5 d5 31. Ne7+ Kh7 32. Nxd5 Rg6 33.
Qf2 Kg8 34. h3 Kh7 35. a4 Qe5 36. Qf3 Qg5 37. Qf2 Qe5 38. Qh4+ Rh6 39. Qg4 Rg6
40. Qh4+ Rh6 41. Qg4 Rg6 42. Qh4+ 1/2-1/2

[Event "14ème Open de Saint-Affrique"]
[Site "Saint-Affrique"]
[Date "????.??.??"]
[Round "8.6"]
[White "Georgiev, Krum"]
[Black "Bijaoui, Manuel"]
[Result "1/2-1/2"]
[WhiteElo "2485"]
[BlackElo "2363"]
[PlyCount "54"]

1. e4 c5 2. b3 d6 3. Bb2 e5 4. g3 Nf6 5. Bg2 Nc6 6. Ne2 g6 7. Na3 Bg7 8. O-O
O-O 9. c4 a6 10. Nc2 Rb8 11. Bc3 b5 12. d3 Nd4 13. Bd2 Nxc2 14. Qxc2 b4 15. a4
Ne8 16. Rae1 Nc7 17. f4 exf4 18. gxf4 Ne6 19. Be3 f5 20. Qd1 Bb7 21. Rf2 Qf6
22. Ng3 Qf7 23. exf5 gxf5 24. Bxb7 Rxb7 25. Rg2 Kh8 26. Kh1 Re7 27. Rge2 Rfe8
1/2-1/2

[Event "14ème Open de Saint-Affrique"]
[Site "Saint-Affrique"]
[Date "????.??.??"]
[Round "8.7"]
[White "Delorme, Axel"]
[Black "Boudre, Jean-Pierre"]
[Result "1-0"]
[WhiteElo "2231"]
[BlackElo "2315"]
[PlyCount "67"]

1. e4 e5 2. Nf3 Nc6 3. d4 exd4 4. Nxd4 Bc5 5. Nxc6 Qf6 6. Qf3 dxc6 7. Nd2 Be6
8. Nb3 Bxb3 9. axb3 Qxf3 10. gxf3 Ne7 11. Be3 Bxe3 12. fxe3 O-O 13. Bc4 Rfd8
14. b4 Kf8 15. Ke2 Rd6 16. f4 a6 17. e5 Rh6 18. h4 Nd5 19. c3 f6 20. Raf1 Re8
21. e4 Nb6 22. Bb3 Ke7 23. e6 Rg6 24. Rfg1 Rxg1 25. Rxg1 g6 26. f5 Rg8 27. c4
Nc8 28. c5 Na7 29. Bc4 Nb5 30. Bxb5 axb5 31. h5 g5 32. Rd1 Rd8 33. Rxd8 Kxd8
34. Ke3 1-0

[Event "14ème Open de Saint-Affrique"]
[Site "Saint-Affrique"]
[Date "????.??.??"]
[Round "7.8"]
[White "Kosten, Anthony C"]
[Black "Sasu-Ducsoara, Andreea-Teodora"]
[Result "1-0"]
[WhiteElo "2530"]
[BlackElo "2246"]
[PlyCount "71"]

1. d4 Nf6 2. Nf3 e6 3. c4 b6 4. g3 Ba6 5. b3 Bb4+ 6. Bd2 Be7 7. Bc3 d5 8. Nbd2
O-O 9. Bg2 c6 10. Ne5 Nfd7 11. Nd3 b5 12. O-O bxc4 13. bxc4 Nb6 14. c5 Nc4 15.
Nxc4 Bxc4 16. Ne5 Ba6 17. Re1 f6 18. Nd3 f5 19. Nf4 Qc8 20. f3 Bg5 21. e3 Bh6
22. Bd2 Re8 23. e4 Nd7 24. Nh3 Bxd2 25. Qxd2 dxe4 26. fxe4 Nf6 27. Nf2 e5 28.
exf5 exd4 29. Qxd4 Qxf5 30. Bxc6 Red8 31. Qa4 Rd2 32. Qb3+ Nd5 33. Ne4 Rc8 34.
Nxd2 Rxc6 35. Ne4 Kh8 36. Nd6 1-0

[Event "14ème Open de Saint-Affrique"]
[Site "Saint-Affrique"]
[Date "????.??.??"]
[Round "6.15"]
[White "Bricard, Emmanuel"]
[Black "Humeau, Cyril"]
[Result "1-0"]
[WhiteElo "2469"]
[BlackElo "2095"]
[PlyCount "33"]

1. Nf3 Nf6 2. g3 d5 3. Bg2 c6 4. O-O Bf5 5. d3 h6 6. Nc3 e6 7. Nd2 Bb4 8. a3
Bxc3 9. bxc3 O-O 10. c4 Nbd7 11. cxd5 cxd5 12. c4 b6 13. Bb2 dxc4 14. Nxc4 Rb8
15. Nd6 Bg6 16. Nb5 a6 17. Nd4 1-0

[Event "14ème Open de Saint-Affrique"]
[Site "Saint-Affrique"]
[Date "????.??.??"]
[Round "6.21"]
[White "Saez, Frederic"]
[Black "Bolon, Karelle"]
[Result "0-1"]
[WhiteElo "2238"]
[BlackElo "2011"]
[PlyCount "86"]

1. e4 c5 2. Nc3 a6 3. g3 b5 4. a4 b4 5. Nd5 e6 6. Ne3 Bb7 7. Bg2 Nf6 8. d3 d6
9. f4 Be7 10. Nf3 Nc6 11. O-O Qc7 12. Bd2 a5 13. g4 g6 14. f5 Nd7 15. fxe6 fxe6
16. g5 Nd4 17. c3 Nxf3+ 18. Qxf3 Ne5 19. Qh3 Qd7 20. Ng4 Nxg4 21. Qxg4 e5 22.
Qf3 Rf8 23. Bh3 Qc6 24. Qg4 Bc8 25. Qh4 h5 26. Rxf8+ Kxf8 27. Rf1+ Kg7 28. Bf5
Qe8 29. Qh3 Rb8 30. d4 bxc3 31. Bxc3 cxd4 32. Bxa5 Bxg5 33. Bxc8 Qxc8 34. Qf3
Rxb2 35. Be1 Qg4+ 36. Qxg4 hxg4 37. a5 Ra2 38. Bb4 Be3+ 39. Kh1 Bf4 40. Bxd6
Rxa5 41. Rf2 d3 42. Kg2 d2 43. Rf1 Ra4 0-1

[Event "14ème Open de Saint-Affrique"]
[Site "Saint-Affrique"]
[Date "????.??.??"]
[Round "6.27"]
[White "Sandu, Mihaela"]
[Black "Fahys, Jonathan"]
[Result "1-0"]
[WhiteElo "2213"]
[BlackElo "2009"]
[PlyCount "45"]

1. e4 c5 2. Nf3 d6 3. d4 cxd4 4. Nxd4 Nf6 5. Nc3 g6 6. Be3 Bg7 7. f3 O-O 8. Qd2
Nc6 9. g4 Be6 10. O-O-O Rc8 11. h4 Ne5 12. h5 Nxf3 13. Nxf3 Bxg4 14. Be2 Bxh5
15. Bh6 Bxh6 16. Qxh6 Rxc3 17. Rxh5 Rxf3 18. Bxf3 Nxh5 19. Bxh5 Qa5 20. Rh1 Rd8
21. Bxg6 fxg6 22. Qxh7+ Kf8 23. Qxg6 1-0

[Event "14ème Open de Saint-Affrique"]
[Site "Saint-Affrique"]
[Date "????.??.??"]
[Round "6.9"]
[White "Sasu-Ducsoara, Andreea-Teodora"]
[Black "Bijaoui, Manuel"]
[Result "1/2-1/2"]
[WhiteElo "2246"]
[BlackElo "2363"]
[PlyCount "133"]

1. e4 c5 2. Nf3 d6 3. Bb5+ Bd7 4. Bxd7+ Qxd7 5. c4 Nf6 6. Nc3 g6 7. O-O Nc6 8.
d4 cxd4 9. Nxd4 Bg7 10. Nde2 O-O 11. f3 e6 12. Bg5 h6 13. Be3 Rfd8 14. Qd2 d5
15. cxd5 exd5 16. exd5 Nxd5 17. Nxd5 Qxd5 18. Qxd5 Rxd5 19. Nc3 Rd3 20. Kf2 Re8
21. Rfe1 Bxc3 22. bxc3 Rxc3 23. Bd2 Rxe1 24. Kxe1 Rc2 25. Kd1 Rc4 26. Rb1 b6
27. Bxh6 Rh4 28. Bg5 Rxh2 29. Rb2 Rh5 30. f4 Nd4 31. Bf6 Ne6 32. Be5 f6 33.
Bxf6 Nxf4 34. Rf2 Rf5 35. Bh4 Nd5 36. Rd2 b5 37. Kc2 Ne3+ 38. Kb3 a5 39. Bd8
Nc4 40. Re2 Rd5 41. Bf6 Rd3+ 42. Kc2 Rg3 43. Bd4 Kf7 44. Kb1 g5 45. Bc5 Kg6 46.
Rc2 Rd3 47. a4 Nd2+ 48. Ka2 b4 49. Kb2 Ne4 50. Bb6 Nc3 51. Bxa5 Nxa4+ 52. Kb1
b3 53. Rd2 Rxd2 54. Bxd2 Kf5 55. g3 g4 56. Kc1 Ke4 57. Bh6 Kd3 58. Bg7 Ke4 59.
Kd2 Kf3 60. Be5 Nc5 61. Kc3 b2 62. Kc2 Nd3 63. Bc7 Ke4 64. Bd8 Kd5 65. Bf6 Kc4
66. Bg7 Kb4 67. Bxb2 1/2-1/2

[Event "14ème Open de Saint-Affrique"]
[Site "Saint-Affrique"]
[Date "????.??.??"]
[Round "6.10"]
[White "Badev, Kiril"]
[Black "Remille, Tristan"]
[Result "1-0"]
[WhiteElo "2340"]
[BlackElo "2172"]
[PlyCount "103"]

1. e4 e5 2. Nf3 Nc6 3. Bb5 a6 4. Ba4 Nf6 5. O-O Nxe4 6. d4 b5 7. Bb3 d5 8. dxe5
Be6 9. c3 Be7 10. Nbd2 O-O 11. Qe2 Bf5 12. Rd1 Nc5 13. Nd4 Bd3 14. Qe3 Nxd4 15.
cxd4 Nxb3 16. Nxb3 Bc2 17. Re1 c6 18. Bd2 a5 19. Rac1 Bxb3 20. Qxb3 Qb6 21. Qd3
Rae8 22. Re3 f5 23. a3 Kh8 24. Rf3 g6 25. h3 b4 26. a4 Rc8 27. b3 Kg7 28. Be3
Rfe8 29. Qd2 Qa6 30. g4 fxg4 31. hxg4 Kg8 32. Bh6 Bf8 33. Bg5 Qa7 34. Be3 Be7
35. Kg2 Qd7 36. Kh3 Rf8 37. Rxf8+ Rxf8 38. Kg3 h5 39. Qe2 hxg4 40. Qxg4 Qxg4+
41. Kxg4 Rc8 42. Bg5 Bf8 43. f4 Kf7 44. f5 gxf5+ 45. Kxf5 c5 46. dxc5 Rxc5 47.
Rxc5 Bxc5 48. Bd8 d4 49. Ke4 Ke6 50. Bxa5 d3 51. Kxd3 Kxe5 52. Kc4 1-0

[Event "14ème Open de Saint-Affrique"]
[Site "Saint-Affrique"]
[Date "????.??.??"]
[Round "6.12"]
[White "Guichard, Pauline"]
[Black "Bedouin, Xavier"]
[Result "1-0"]
[WhiteElo "2227"]
[BlackElo "2294"]
[PlyCount "89"]

1. d4 Nf6 2. c4 g6 3. Nc3 Bg7 4. e4 d6 5. Be2 O-O 6. Bg5 Na6 7. Qd2 e5 8. d5
Nc5 9. f3 a5 10. h4 c6 11. Nh3 cxd5 12. cxd5 Bd7 13. Nf2 Qe8 14. g4 b5 15. Ncd1
Qb8 16. h5 Qb6 17. Rc1 Rac8 18. Kf1 Rc7 19. Kg2 Rfc8 20. Ne3 Na4 21. hxg6 hxg6
22. Rxc7 Rxc7 23. Rc1 Rxc1 24. Qxc1 Nh7 25. Ned1 Nxg5 26. Qxg5 Kf8 27. b3 Nc5
28. Qe3 Bf6 29. Nb2 Bd8 30. Nfd1 a4 31. b4 Nb3 32. axb3 a3 33. Nd3 a2 34. Qc1
Qd4 35. Nc3 f5 36. Qh6+ Kf7 37. Qh7+ Kf6 38. exf5 gxf5 39. Nxa2 Bb6 40. Qh6+
Ke7 41. Qh4+ Ke8 42. Qf2 fxg4 43. Qxd4 gxf3+ 44. Kxf3 Bxd4 45. Nf2 1-0

[Event "14ème Open de Saint-Affrique"]
[Site "Saint-Affrique"]
[Date "????.??.??"]
[Round "6.47"]
[White "Bedos, Francois"]
[Black "Lagasse, Andre"]
[Result "0-1"]
[WhiteElo "2017"]
[BlackElo "1748"]
[PlyCount "56"]

1. e4 d6 2. d4 Nf6 3. Nc3 g6 4. f4 Bg7 5. Nf3 O-O 6. Be2 c6 7. O-O b5 8. Qd3 a5
9. Be3 Ba6 10. Qd1 b4 11. Nb1 Nxe4 12. Bxa6 Nxa6 13. Nbd2 Nf6 14. Nc4 Ng4 15.
Qd3 Nxe3 16. Qxe3 c5 17. dxc5 Nxc5 18. Rad1 Qc7 19. Rfe1 Bf6 20. g4 Rfe8 21. f5
Na4 22. fxg6 Qxc4 23. gxh7+ Kh8 24. b3 Qxg4+ 25. Kh1 Nc3 26. Rd2 Rac8 27. Rg1
Qe4 28. Rg8+ Kxh7 0-1

[Event "14ème Open de Saint-Affrique"]
[Site "Saint-Affrique"]
[Date "????.??.??"]
[Round "7.5"]
[White "Velikov, Petar"]
[Black "Dimitrov, Christo"]
[Result "1-0"]
[WhiteElo "2465"]
[BlackElo "2306"]
[PlyCount "81"]

1. Nf3 Nf6 2. g3 d5 3. Bg2 c6 4. O-O Bg4 5. d3 Nbd7 6. Qe1 e5 7. e4 dxe4 8.
dxe4 Bc5 9. Nbd2 O-O 10. h3 Bxf3 11. Bxf3 a5 12. a4 Re8 13. Nc4 Qc7 14. Qe2 Nf8
15. Bg2 Ne6 16. c3 Nd7 17. Kh1 Bf8 18. f4 exf4 19. gxf4 Nec5 20. Qc2 Nf6 21. e5
Nh5 22. Kh2 g6 23. Be3 Rad8 24. Rad1 Rxd1 25. Qxd1 Rd8 26. Qc2 Ng7 27. b4 axb4
28. cxb4 Nd7 29. Qc3 Nf5 30. Bg1 b5 31. Na5 bxa4 32. Nxc6 Nb8 33. b5 Nxc6 34.
bxc6 a3 35. Qc4 Rd2 36. Rf2 a2 37. Rxd2 a1=Q 38. Rd7 Qxg1+ 39. Kxg1 Qb6+ 40.
Kh2 Be7 41. c7 1-0

[Event "14ème Open de Saint-Affrique"]
[Site "Saint-Affrique"]
[Date "????.??.??"]
[Round "7.6"]
[White "Van Elst, Andreas"]
[Black "Andonov, Bogomil"]
[Result "1-0"]
[WhiteElo "2258"]
[BlackElo "2391"]
[PlyCount "81"]

1. d4 Nf6 2. c4 c5 3. d5 e5 4. Nc3 d6 5. e4 Be7 6. g3 O-O 7. Bg2 Nbd7 8. Nge2
Ne8 9. O-O Bg5 10. f4 exf4 11. gxf4 Bh6 12. Be3 Ne5 13. b3 Ng6 14. Qd3 f5 15.
e5 dxe5 16. Bxc5 e4 17. Qd2 Rf7 18. Rad1 b6 19. Ba3 a5 20. Nd4 Bd7 21. Nce2 Qf6
22. Qe3 Nh4 23. Rf2 g6 24. Ng3 Bg7 25. Bf1 h6 26. Ne6 Nf3+ 27. Kh1 Bxe6 28.
dxe6 Rb7 29. Nxe4 Qxe6 30. Qxf3 fxe4 31. Qe3 Nf6 32. Bh3 Ng4 33. Bxg4 Qxg4 34.
Rg1 Qf5 35. Rfg2 Rd8 36. Rxg6 Kh7 37. Qg3 Bd4 38. Rg2 e3 39. Qg4 Qb1+ 40. Bc1
e2 41. Rxh6+ 1-0

[Event "14ème Open de Saint-Affrique"]
[Site "Saint-Affrique"]
[Date "????.??.??"]
[Round "7.7"]
[White "Guichard, Pauline"]
[Black "Badev, Kiril"]
[Result "0-1"]
[WhiteElo "2227"]
[BlackElo "2340"]
[PlyCount "88"]

1. d4 Nf6 2. c4 c5 3. d5 e5 4. Nc3 d6 5. e4 Be7 6. g3 O-O 7. Bg2 Ne8 8. Nge2
Nc7 9. O-O Nd7 10. Be3 Bg5 11. f4 Bh6 12. Nc1 exf4 13. gxf4 Ne5 14. b3 Ng6 15.
Qe1 Rb8 16. a4 Ne8 17. Nd3 b6 18. Qg3 Nf6 19. Rae1 Kh8 20. f5 Bxe3+ 21. Rxe3
Ne7 22. Nb5 Ne8 23. Nxa7 Bd7 24. Bh3 Ra8 25. Nb5 Bxb5 26. axb5 Ra3 27. b4 cxb4
28. Nxb4 Rxe3 29. Qxe3 Nc8 30. Nc6 Qh4 31. Bg2 Nf6 32. Qf4 Qh5 33. Qf3 Qh4 34.
Qf4 Qh5 35. e5 dxe5 36. Nxe5 Qe2 37. Qd4 Nd6 38. Rf2 Qe1+ 39. Rf1 Qa5 40. Ra1
Qb4 41. Rd1 Re8 42. Qf4 Qc5+ 43. Kh1 Rxe5 44. Qxe5 Ng4 0-1

[Event "14ème Open de Saint-Affrique"]
[Site "Saint-Affrique"]
[Date "????.??.??"]
[Round "7.2"]
[White "Boudre, Jean-Pierre"]
[Black "Georgiev, Krum"]
[Result "1/2-1/2"]
[WhiteElo "2315"]
[BlackElo "2485"]
[PlyCount "20"]

1. e4 c5 2. Nf3 d6 3. d4 cxd4 4. Nxd4 Nf6 5. Nc3 Bd7 6. Bg5 e6 7. Be2 a6 8. O-O
Nc6 9. Qd2 Rc8 10. Rad1 Be7 1/2-1/2

[Event "14ème Open de Saint-Affrique"]
[Site "Saint-Affrique"]
[Date "????.??.??"]
[Round "7.4"]
[White "Todorov, Ognian"]
[Black "Popchev, Milko"]
[Result "0-1"]
[WhiteElo "2314"]
[BlackElo "2405"]
[PlyCount "50"]

1. d4 d6 2. c4 e5 3. Nf3 exd4 4. Nxd4 g6 5. Nc3 Bg7 6. g3 Ne7 7. Bg2 O-O 8. O-O
Nbc6 9. Nc2 Ne5 10. Ne3 Nf5 11. Nxf5 Bxf5 12. Bxb7 Rb8 13. Bd5 c6 14. Bg2 Nxc4
15. e4 Be6 16. Qc2 Qa5 17. Rd1 Nxb2 18. Bxb2 Rxb2 19. Qxb2 Bxc3 20. Qc2 Bxa1
21. Rxa1 c5 22. h4 Rb8 23. h5 c4 24. hxg6 hxg6 25. Rc1 Qe5 0-1

[Event "14ème Open de Saint-Affrique"]
[Site "Saint-Affrique"]
[Date "????.??.??"]
[Round "2.7"]
[White "Scandella, Thierry"]
[Black "Velikov, Petar"]
[Result "0-1"]
[WhiteElo "2060"]
[BlackElo "2465"]
[PlyCount "128"]

1. d4 d6 2. Nf3 Bg4 3. c3 Nf6 4. Qb3 Qc8 5. h3 Bxf3 6. exf3 e6 7. Be2 Be7 8.
O-O O-O 9. Nd2 Nbd7 10. Ne4 Ne8 11. Bf4 d5 12. Nd2 c5 13. dxc5 Nxc5 14. Qc2 a6
15. Nb3 Na4 16. Bd3 Nf6 17. Be5 g6 18. Rac1 b5 19. Qd2 Nd7 20. Bg3 Qd8 21. Rc2
Rc8 22. f4 Bf6 23. Be2 Qb6 24. Rfc1 Rfd8 25. Qe3 Bg7 26. Qxb6 Ndxb6 27. Nd4 Rd7
28. Nf3 Rb7 29. Ne5 Nc4 30. b3 Nxe5 31. fxe5 Nc5 32. f3 Bh6 33. Rd1 Be3+ 34.
Kf1 Rbc7 35. c4 Nd7 36. Rc3 Ba7 37. Rcd3 bxc4 38. bxc4 Rxc4 39. Ra3 Rc1 40.
Rxa6 Bd4 41. f4 Be3 42. Ke1 h6 43. Ra3 d4 44. Rxc1 Rxc1+ 45. Bd1 Nc5 46. Ke2
Ne4 47. Rxe3 dxe3 48. Be1 Nc3+ 49. Bxc3 Rxc3 50. a4 g5 51. g3 Ra3 52. h4 gxh4
53. gxh4 Kf8 54. a5 Ke7 55. Kf3 Kd7 56. Be2 Kc6 57. Ke4 Rxa5 58. Kxe3 Kd5 59.
Bf3+ Kc4 60. Bh5 f5 61. Bf7 Kd5 62. Kf3 Ra7 63. Bg6 Ra3+ 64. Kg2 Ke4 0-1

[Event "14ème Open de Saint-Affrique"]
[Site "Saint-Affrique"]
[Date "????.??.??"]
[Round "2.8"]
[White "Collas, Didier"]
[Black "Camel, Lorenzo"]
[Result "1-0"]
[WhiteElo "2453"]
[BlackElo "2057"]
[PlyCount "97"]

1. e4 d6 2. d4 Nf6 3. Nc3 g6 4. Be3 c6 5. Qd2 b5 6. Bd3 a6 7. h3 e5 8. Nf3 Nbd7
9. Bh6 Bxh6 10. Qxh6 Qe7 11. O-O Bb7 12. b4 Qf8 13. Qe3 Qe7 14. a4 O-O 15. axb5
cxb5 16. d5 Rfc8 17. Ne2 Qd8 18. Nd2 Nb6 19. f4 exf4 20. Qxf4 Kg7 21. Rf2 Qe7
22. Raf1 Nbd7 23. c4 Rf8 24. cxb5 axb5 25. Bxb5 Ra2 26. Ng3 h6 27. Nc4 Rxf2 28.
Rxf2 Ne5 29. Nxe5 dxe5 30. Qd2 Qd6 31. Kh2 Ba8 32. Bf1 Rc8 33. Qb2 h5 34. Bd3
h4 35. Nf1 Kg8 36. Ne3 Re8 37. Nc4 Qb8 38. Rxf6 Bxd5 39. Ne3 Be6 40. Bc4 Kg7
41. Rxe6 fxe6 42. Ng4 Rd8 43. Bxe6 Rf8 44. Qc1 Rf4 45. Qc5 Qf8 46. Qxe5+ Kh7
47. Qg5 Rxg4 48. Bxg4 Qf2 49. Bf5 1-0

[Event "14ème Open de Saint-Affrique"]
[Site "Saint-Affrique"]
[Date "????.??.??"]
[Round "2.9"]
[White "Bosc, Sebastien"]
[Black "Colin, Vincent"]
[Result "0-1"]
[WhiteElo "2046"]
[BlackElo "2415"]
[PlyCount "64"]

1. e4 c5 2. Nf3 g6 3. c3 Bg7 4. d4 cxd4 5. cxd4 d5 6. e5 Bg4 7. Nc3 Nc6 8. Bb5
Nh6 9. h3 Bxf3 10. Qxf3 Nf5 11. Be3 O-O 12. Rd1 e6 13. O-O f6 14. exf6 Bxf6 15.
Qg4 Qe7 16. Rfe1 Qg7 17. Bxc6 bxc6 18. Ne2 h5 19. Qf4 e5 20. dxe5 Bxe5 21. Qa4
Qf6 22. Bc5 Nh4 23. Bxf8 Qg5 24. Ng3 Bxg3 25. Be7 Bh2+ 26. Kf1 Qxg2+ 27. Ke2
Nf5 28. Qxc6 Qe4+ 29. Kd2 Bf4+ 30. Re3 Nxe3 31. fxe3 Qxe3+ 32. Kc2 Qe2+ 0-1

[Event "14ème Open de Saint-Affrique"]
[Site "Saint-Affrique"]
[Date "????.??.??"]
[Round "2.4"]
[White "Georgiev, Krum"]
[Black "Larand, Manuel"]
[Result "1-0"]
[WhiteElo "2485"]
[BlackElo "2078"]
[PlyCount "45"]

1. e4 d6 2. d4 Nf6 3. Nc3 g6 4. Be3 c6 5. Qd2 b5 6. f3 Nbd7 7. h4 h5 8. Nh3 Bb7
9. O-O-O Qa5 10. Kb1 b4 11. Ne2 Nb6 12. Nc1 Na4 13. a3 c5 14. dxc5 dxc5 15. Nb3
Qc7 16. e5 Nd7 17. Qxd7+ Qxd7 18. Rxd7 Kxd7 19. Bb5+ Kc7 20. Bxa4 bxa3 21. Nxc5
axb2 22. Nxb7 Kxb7 23. Bb3 1-0

[Event "14ème Open de Saint-Affrique"]
[Site "Saint-Affrique"]
[Date "????.??.??"]
[Round "2.5"]
[White "Schoucair, Henry"]
[Black "Meijers, Viesturs"]
[Result "0-1"]
[WhiteElo "2078"]
[BlackElo "2474"]
[PlyCount "62"]

1. e4 c5 2. Nf3 e6 3. d4 cxd4 4. Nxd4 a6 5. c4 Nf6 6. Nc3 Qc7 7. a3 Nc6 8. Be2
Ne5 9. b3 Ng6 10. Be3 h5 11. h3 b6 12. Nf3 Bb7 13. Ng5 b5 14. O-O Be7 15. f4
bxc4 16. Bxc4 Bc5 17. Qe2 Nxf4 18. Qf2 Bxe3 19. Qxe3 Ng6 20. Rad1 Rc8 21. Na4
Ne5 22. Be2 Bc6 23. Nb6 Rb8 24. Nc4 Nxc4 25. Bxc4 Qe5 26. Bxa6 Ra8 27. Bc4 Rxa3
28. Qf4 Qxf4 29. Rxf4 O-O 30. Rdf1 d5 31. exd5 exd5 0-1

[Event "14ème Open de Saint-Affrique"]
[Site "Saint-Affrique"]
[Date "????.??.??"]
[Round "2.6"]
[White "Bricard, Emmanuel"]
[Black "Bourges, Jerome"]
[Result "1-0"]
[WhiteElo "2469"]
[BlackElo "2077"]
[PlyCount "59"]

1. d4 d5 2. c4 e6 3. Nf3 Nf6 4. g3 c6 5. Bg2 Nbd7 6. O-O Be7 7. b3 O-O 8. Qc2
b6 9. Rd1 Ba6 10. Nbd2 Rc8 11. e4 b5 12. exd5 cxd5 13. c5 e5 14. b4 exd4 15.
Bb2 Nxc5 16. bxc5 Bxc5 17. Nb3 Bb6 18. Qd3 Rc3 19. Bxc3 dxc3 20. Rac1 Qd6 21.
Nfd4 Bxd4 22. Qxd4 b4 23. a3 Be2 24. Re1 Bc4 25. Na5 bxa3 26. Nxc4 Qb4 27. Qxc3
Qxc3 28. Rxc3 Rc8 29. Ra1 dxc4 30. Raxa3 1-0

[Event "14ème Open de Saint-Affrique"]
[Site "Saint-Affrique"]
[Date "????.??.??"]
[Round "2.10"]
[White "Popchev, Milko"]
[Black "Sansorgne, Eliot"]
[Result "1-0"]
[WhiteElo "2405"]
[BlackElo "2053"]
[PlyCount "95"]

1. Nc3 d5 2. e4 dxe4 3. Nxe4 e5 4. Bc4 Nc6 5. d3 Be7 6. Nf3 Nf6 7. Ng3 Bg4 8.
O-O O-O 9. h3 Bxf3 10. Qxf3 Na5 11. Bb5 Qd5 12. Qxd5 Nxd5 13. Bd2 c6 14. c4 Bb4
15. cxd5 Bxd2 16. Ne4 cxb5 17. Nxd2 b6 18. Rfe1 f6 19. Rac1 Rfc8 20. Ne4 Nb7
21. Rc6 Nd8 22. Rxc8 Rxc8 23. d4 Nf7 24. dxe5 Nxe5 25. Nd6 Rd8 26. Nf5 g6 27.
Ne3 Nc4 28. Ng4 Kf7 29. b3 h5 30. Nh2 Nd2 31. f3 Rxd5 32. Kf2 Nc4 33. bxc4 bxc4
34. Nf1 Ra5 35. Re2 Rc5 36. Ne3 b5 37. Nc2 a5 38. a3 Rd5 39. Ne3 Rd3 40. a4
bxa4 41. Nxc4 a3 42. Ra2 Rd4 43. Nxa5 Ra4 44. Nb3 g5 45. Nd2 Kg6 46. Nb1 f5 47.
Rxa3 Rxa3 48. Nxa3 1-0

[Event "14ème Open de Saint-Affrique"]
[Site "Saint-Affrique"]
[Date "????.??.??"]
[Round "2.46"]
[White "Labarrere, Daniel"]
[Black "Ribeiro, Romain"]
[Result "1-0"]
[WhiteElo "1923"]
[BlackElo "2105"]
[PlyCount "43"]

1. c4 c5 2. b3 b6 3. Bb2 Bb7 4. Nf3 Nf6 5. g3 e6 6. Bg2 Be7 7. O-O O-O 8. Nc3
d6 9. d4 cxd4 10. Qxd4 Nc6 11. Qf4 Rc8 12. Rfd1 a6 13. Rac1 Qc7 14. Nd5 exd5
15. cxd5 Qb8 16. dxc6 Bxc6 17. Nd4 Bxg2 18. Kxg2 Qb7+ 19. Qf3 Qxf3+ 20. Kxf3
Rc5 21. Nc6 Rxc1 22. Nxe7+ 1-0

[Event "14ème Open de Saint-Affrique"]
[Site "Saint-Affrique"]
[Date "????.??.??"]
[Round "2.49"]
[White "Carmes, Mickael"]
[Black "Lagunes, Matthieu"]
[Result "0-1"]
[WhiteElo "2101"]
[BlackElo "1860"]
[PlyCount "94"]

1. e4 d6 2. d4 g6 3. Nc3 Bg7 4. Be3 c6 5. Qd2 b5 6. Bd3 Bb7 7. Nf3 a5 8. O-O
Nd7 9. h3 b4 10. Ne2 Qc7 11. c3 c5 12. cxb4 cxb4 13. Rac1 Qb8 14. Ng3 h5 15.
Nh4 Ngf6 16. f4 d5 17. e5 Ne4 18. Nxe4 dxe4 19. Bb5 e6 20. Qe2 Qd8 21. d5 Bxd5
22. Rfd1 O-O 23. Qf2 Rc8 24. Rxc8 Qxc8 25. g4 hxg4 26. hxg4 Qb7 27. Ba4 g5 28.
Nf5 exf5 29. gxf5 f6 30. e6 gxf4 31. e7 Re8 32. Rxd5 Qxd5 33. Bb3 Qxb3 34. axb3
fxe3 35. Qxe3 Rxe7 36. Kf1 Kh7 37. Qh3+ Kg8 38. Qe3 Re5 39. Qh3 Nc5 40. Ke2 Nd3
41. Ke3 Nxb2 42. Kd4 Nd1 43. Qg4 Nc3 44. Ke3 Nd5+ 45. Kd4 e3 46. Qe2 Nc3 47.
Qe1 e2 0-1